Regiones de España por Fronteras (Correctamente) - Estadísticas

Estadísticas generales
  • Esta prueba ha sido intentada 358 veces
    309 desde el último reinicio
  • La puntuación promedio es 15 de 17
Respuestas en el mapa
Las respuestas están codificadas por una escala verde-roja en el mapa de la prueba según el % correcto abajo.
 
Estadísticas de respuestas
Comunidad % Correcto
Castile y León
95%
Castilla-La Mancha
95%
Valencia
92%
Aragon
91%
Andalusia
88%
Catalonia
88%
Murcia
88%
Asturias
87%
Extremadura
87%
Madrid
87%
Galicia
86%
La Rioja
84%
Navarre
82%
Pais Vasco
81%
Cantabria
79%
Islas Baleares
72%
Islas Canarias
72%
No se encontraron pruebas coincidentes
Distribución de puntuación
Porcentaje de gente con cada puntuación
Porcentaje por número respondido
Historial de tus puntuaciones
No has intentado esta prueba desde el último reinicio